مہاتما گاندھی / (Record no. 172479)

MARC details
000 -LEADER
fixed length control field 00606nam a22001937a 4500
005 - DATE AND TIME OF LATEST TRANSACTION
control field 20200206103012.0
010 ## - LCCN (DPL NO)
LC control number A-353886
020 ## - INTERNATIONAL STANDARD BOOK NUMBER
Terms of availability 60.00
035 ## - SYSTEM CONTROL NUMBER
System control number A-353886
037 ## - SOURCE OF ACQUISITION
Source of stock number/acquisition BPPD/Pub.
082 ## - DEWEY DECIMAL CLASSIFICATION NUMBER
Classification number 921
100 ## - MAIN ENTRY--PERSONAL NAME
Personal name بی - آر - نندا
245 ## - TITLE STATEMENT
Title مہاتما گاندھی /
Statement of responsibility, etc بی - آر - نندا
246 ## - VARYING FORM OF TITLE
Title proper/short title Mahatma Gandhi (Urdu) /
Remainder of title by B.R. Nanda ; translated by Ali Jawad Zaidi
260 ## - PUBLICATION, DISTRIBUTION, ETC. (IMPRINT)
Place of publication, distribution, etc New Delhi
Name of publisher, distributor, etc Taraqqi Urdu Bureau
Date of publication, distribution, etc 1986 ء
270 ## - ADDRESS
Address West Block 8, R.K. Puram
City New Delhi
Postal code 110066
300 ## - PHYSICAL DESCRIPTION
Extent 580p.
Dimensions 21cm(Hb)
942 ## - ADDED ENTRY ELEMENTS (KOHA)
Source of classification or shelving scheme Dewey Decimal Classification
Item type Urdu Bks
Classification part 921
Call number suffix گ ا ں
Holdings
Withdrawn status Lost status Not for loan Collection code Home library Current library Date acquired Source of acquisition Cost, normal purchase price Full call number Barcode Copy number Cost, replacement price Koha item type
      Non-fiction Central Library Central Library 06/02/2020 BPPD/Ven. 60.00 921 گ ا ں A-353886 1 60.00 Urdu Bks

© Delhi Public Library
Hit Counter
free hit counter